| 000 | 00350nam a22001337a 4500 | ||
|---|---|---|---|
| 005 | 20170221115505.0 | ||
| 008 | 090708t xxu||||| |||| 00| 0 eng d | ||
| 080 |
_a082(548.3)(05) _bCOC. |
||
| 245 | _a(Journal) Cochin Window | ||
| 260 |
_aCochin _bPress Club Road _c1968 |
||
| 490 | _vv.1, no.1 | ||
| 500 | _aLib has v.2 (1969)-v.6 (1973) | ||
| 942 | _cBV | ||
| 999 |
_c1354 _d1354 |
||